00415nam a2200133Ia 4500008004000000020001800040082001500058100001900073245007000092250000500162260004500167300001300212650005600225210210b1997 xxu||||| |||| 00| 0 eng d a81 7493 305 0 a658.3 RAOE aRAO (P Subba). aEssentials of human resource management and industrial relations. a aMumbai.bHimalaya Publishing Housec1997 aviii,495 aHuman Resource Management, Industrial Relations